01348nam a22003617a 4500003000500000005001700005008004100022010001000063011001000073035001000083040000900093090001000102100003900112245012700151260004100278300001000319502008900329590003700418590004100455590004100496590004100537590004200578650003700620650003000657650003300687650002700720650003600747901000700783942001000790949004200800999001700842952012700859CHAP20250925062748.0971013s1984 r 00010 d a71564 a72536 a82092 cCHAP aTesis00aAguilar Arce, Jose Trinidad.92646 aSuplementación post-destete de becerros Brahman en pastoreo de zacate estrella de africa (Cynodon plectostachyus Pilger) a(Monterrey, N.L.) :bEl autor,c1984 a46 h. aTesis (Ing. Agr. Zootecnista) -- ITESM. Div. de Ciencias Agropecuarias y Marítimas aALEPHb10c20130110lUCH01h1412 aBATCH-UPDb10c20130110lUCH01h1519 aBATCH-UPDb10c20130410lUCH01h0932 aBATCH-UPDb10c20130914lUCH01h0553 aCONVERSIONb10c20130109lUCH01h133914aBecerrosxAlimentación.91117214aBecerrosxEngorda.91118017aCynodon nlemfuensis293079917aGanado cebú294505614aGanado vacunoxPastoreo.945502 aBK cTESIS bBCcTESd-35913eTS1h17818i82092si c71564d71564 00102local4051708TESISaBCbBCcPA_TESISd2019-12-31fTESISl0oTesisp-35913r2019-12-31 00:00:00w2019-12-31yTESIS